LEADER 01294nam a2200313 u 4500 001 000000116602 003 CaOOAMICUS 005 20090708180808.0 008 090708s2009 it u000 u ita r 020 $z978-88-07-10443-5* 040 $aPUL$bita$dLDB 041 1 $aita$heng 100 1 $aTaylor, Charles,$d1931-$0(OLS)http://pul/name/53594 240 10$aSecular age.$lItaliano.$0(OLS)http://pul/title/146550 245 12$aL'età secolare /$cCharles Taylor ; edizione italiana a cura di Paolo Costa. 260 $aMilano :$bFeltrinelli,$c2009. 300 $a1072 p. ;$c22 cm. 490 1 $aCampi del sapere/ Feltrinelli 500 $aInclude indici. 504 $aBibliografia in nota. 650 4$aSecolarizzazione.$0(OLS)http://pul/subject/641 650 4$aCristianesimo e secolarizzazione.$0(OLS)http://pul/subject/35604 830 0$aCampi del sapere (Feltrinelli).$0(OLS)http://pul/title/20268 850 $aPUL 852 $aPUL$W1$xSL Religione 3$y85$m211. 6 TAYCH 1$j133886$b $qDDC 21$B132914$CPULBib$Z2$F132914 $H110980 $82 941 1 $a9 996 $6020$z978-88-07-10443-5*$9(OLS)http://pul/number/141407 996 $6245$aL'età secolare$9(OLS)http://pul/title/146549 996 $6260$aMilano :$bFeltrinelli$9(OLS)http://pul/publisher/48846 LEADER 01258nam a2200265 u 4500 001 000000060768 003 CaOOAMICUS 005 20140529160054.0 008 010801s1947 it u000 u ita r 035 $a10899242 040 $aPUL(R)$bita 100 1 $aGarrigou-Lagrange, Reginald,$cO.P.,$d1877-1964.$0(OLS)http://pul/name/6342 245 10$aDe gratia :$bcommentarius in Summam Theologicam S. Thomae Iae IIae q. 109-114 /$cdisseruit Reginaldus Garrigou-Lagrange. 260 $aTorino :$bL.I.C.E. :$bR. Berruti,$cstampa 1947. 300 $a430 p. ;$c24 cm 500 $aIn testa al front.: "Pontificium Institutum internationale Angelicum". 504 $aBibliografia in nota. 600 04$aThomas Aquinas,$cs.,$dc. 1225-1274$tSumma theologiae.$0(OLS)http://pul/subject/27688 710 2 $aPontificio Ateneo Angelicum.$0(OLS)http://pul/name/11794 850 $aPUL 852 $aPUL$W1$xDP2 Religione 1$y63$m55 H 5$j79245$nBK-PRI$qStampati$B79245$CPULBib$Z2$F79245 $H24854 $82 941 1 $a8 961 $aINV: 24854 996 $6245$aDe gratia :$bcommentarius in Summam Theologicam S. Thomae Iae IIae q. 109-114$9(OLS)http://pul/title/81211 996 $6260$aTorino :$bL.I.C.E. :$bR. Berruti$9(OLS)http://pul/publisher/49856